[Event "22nd ETCC Women 2019"]
[Site "Batumi"]
[Date "2019.10.27"]
[Round "4.27"]
[White "Pellicoro, Nathalie"]
[Black "Kyrkjebo, Hanna B."]
[Result "0-1"]
[WhiteElo "1967"]
[BlackElo "1949"]
[Annotator "NA"]
[PlyCount "66"]
[EventDate "2019.10.24"]
[EventType "team-tourn"]
[EventCountry "GEO"]
[SourceTitle "playchess.com"]
[Source "ChessBase"]
[SourceQuality "1"]
[WhiteTeam "Switzerland"]
[BlackTeam "Norway"]
[WhiteTeamCountry "SUI"]
[BlackTeamCountry "NOR"]
[TimeControl "40/5400+30:1800+30"]

1. e4 {[%emt 0:00:00]} e5 {[%emt 0:00:00]} 2. Nf3 {[%emt 0:00:00]} Nc6 {[%emt 0:00:00]} 3. Bc4 {[%emt 0:00:08]} Bc5 {[%emt 0:00:00]} 4. d3 {[%emt 0:00:11]} Nf6 {[%emt 0:00:30]} 5. Bg5 {[%emt 0:00:14]} d6 {[%emt 0:00:51]} 6. c3 {[%emt 0:00:30]} h6 {[%emt 0:00:07]} 7. Bh4 {[%emt 0:00:08]} g5 {[%emt 0:01:07]} 8. Bg3 {[%emt 0:02:22]} a6 {[%emt 0:00:32]} 9. b4 {[%emt 0:01:40]} Ba7 {[%emt 0:00:22]} 10. a4 {[%emt 0:00:15]} Ne7 {[%emt 0:04:27]} 11. Nbd2 {[%emt 0:09:12]} Ng6 {[%emt 0:01:26]} 12. b5 {[%emt 0:28:30]} O-O {[%emt 0:13:07]} 13. O-O {[%emt 0:06:49]} a5 {[%emt 0:07:27]} 14. Re1 {[%emt 0:03:36]} Qe7 {[%emt 0:13:51]} 15. d4 {[%emt 0:12:08]} h5 16. h4 {[%emt 0:04:33]} g4 {[%emt 0:03:20]} 17. dxe5 {[%emt 0:05:24]} dxe5 {[%emt 0:00:45]} 18. Ng5 {[%emt 0:01:43]} Nh7 {[%emt 0:01:54]} 19. Nxh7 {[%emt 0:14:23]} Kxh7 {[%emt 0:00:23]} 20. Bd5 {[%emt 0:03:56]} Nxh4 {[%emt 0:05:25]} 21. Nc4 {[%emt 0:00:34]} Ng6 {[%emt 0:02:10]} 22. Kf1 {[%emt 0:01:34]} h4 23. Bh2 Qf6 {[%emt 0:23:52]} 24. f3 {[%emt 0:02:17]} h3 {[%emt 0:05:29]} 25. Nd2 {[%emt 0:01:49]} hxg2+ {[%emt 0:02:44]} 26. Kxg2 {[%emt 0:00:02]} Nh4+ {[%emt 0:05:18]} 27. Kh1 {[%emt 0:00:01]} gxf3 {[%emt 0:01:20]} 28. Rf1 {[%emt 0:01:29]} Qg5 {[%emt 0:01:11]} 29. Rg1 Bxg1 {[%emt 0:01:07]} 30. Qxg1 {[%emt 0:00:32]} Qxd2 {[%emt 0:01:23]} 31. Ra2 {[%emt 0:00:01]} Qg2+ {[%emt 0:02:56]} 32. Qxg2 {[%emt 0:01:01]} fxg2+ {[%emt 0:00:13]} 33. Kg1 {[%emt 0:00:21]} Be6 {[%emt 0:01:09]} 0-1

[Event "22nd ETCC Women 2019"]
[Site "Batumi"]
[Date "2019.10.27"]
[Round "4.28"]
[White "Sliwicka, Alicja"]
[Black "Lahav, Michal"]
[Result "1/2-1/2"]
[WhiteElo "2307"]
[BlackElo "2221"]
[Annotator "NA"]
[PlyCount "41"]
[EventDate "2019.10.24"]
[EventType "team-tourn"]
[EventCountry "GEO"]
[SourceTitle "playchess.com"]
[Source "ChessBase"]
[SourceQuality "1"]
[WhiteTeam "Poland"]
[BlackTeam "Israel"]
[WhiteTeamCountry "POL"]
[BlackTeamCountry "ISR"]
[TimeControl "40/5400+30:1800+30"]

1. e4 {[%emt 0:00:00]} e6 {[%emt 0:00:00]} 2. d4 {[%emt 0:00:00]} d5 {[%emt 0:00:00]} 3. Nc3 {[%emt 0:00:00]} Nf6 {[%emt 0:00:00]} 4. Bg5 {[%emt 0:00:00]} Bb4 {[%emt 0:00:00]} 5. e5 {[%emt 0:00:03]} h6 {[%emt 0:00:00]} 6. Be3 {[%emt 0:00:05]} Ne4 {[%emt 0:00:00]} 7. Qg4 {[%emt 0:00:07]} Kf8 {[%emt 0:00:12]} 8. a3 {[%emt 0:00:08]} Bxc3+ {[%emt 0:03:50]} 9. bxc3 {[%emt 0:00:10]} c5 {[%emt 0:00:05]} 10. Bd3 {[%emt 0:02:21]} Nxc3 {[%emt 0:00:48]} 11. dxc5 {[%emt 0:00:24]} Nc6 {[%emt 0:00:21]} 12. Nf3 {[%emt 0:00:29]} f5 {[%emt 0:00:21]} 13. exf6 {[%emt 0:00:37]} Qxf6 {[%emt 0:00:08]} 14. Qh5 {[%emt 0:00:38]} e5 {[%emt 0:00:15]} 15. Bg6 {[%emt 0:00:36]} Be6 {[%emt 0:00:37]} 16. O-O {[%emt 0:01:10]} Kg8 {[%emt 0:00:10]} 17. Rae1 {[%emt 0:02:25]} Ne7 {[%emt 0:00:40]} 18. Bd3 {[%emt 0:07:55]} Nc6 {[%emt 0:01:03]} 19. Bg6 {[%emt 0:01:54]} Ne7 {[%emt 0:00:13]} 20. Bd3 {[%emt 0:02:05]} Nc6 {[%emt 0:00:05]} 21. Bg6 {[%emt 0:01:36]} 1/2-1/2

[Event "22nd ETCC Women 2019"]
[Site "Batumi"]
[Date "2019.10.27"]
[Round "4.28"]
[White "Kyrkjebo, Marte B."]
[Black "Tamrazyan, Gohar"]
[Result "1-0"]
[WhiteElo "1871"]
[BlackElo "1955"]
[Annotator "NA"]
[PlyCount "111"]
[EventDate "2019.10.24"]
[EventType "team-tourn"]
[EventCountry "GEO"]
[SourceTitle "playchess.com"]
[Source "ChessBase"]
[SourceQuality "1"]
[WhiteTeam "Norway"]
[BlackTeam "Switzerland"]
[WhiteTeamCountry "NOR"]
[BlackTeamCountry "SUI"]
[TimeControl "40/5400+30:1800+30"]

1. e4 {[%emt 0:00:00]} c5 {[%emt 0:00:00]} 2. Nf3 {[%emt 0:00:00]} Nc6 {[%emt 0:00:00]} 3. Bb5 {[%emt 0:00:00]} g6 {[%emt 0:00:24]} 4. Bxc6 {[%emt 0:00:00]} dxc6 {[%emt 0:00:20]} 5. d3 {[%emt 0:00:28]} Bg7 {[%emt 0:00:22]} 6. h3 {[%emt 0:01:27]} Nf6 {[%emt 0:00:46]} 7. O-O {[%emt 0:00:18]} O-O {[%emt 0:08:31]} 8. Nc3 {[%emt 0:02:17]} e5 {[%emt 0:01:53]} 9. Be3 {[%emt 0:14:13]} b6 {[%emt 0:01:12]} 10. Qd2 {[%emt 0:04:43]} Qd6 {[%emt 0:00:35]} 11. Nh2 {[%emt 0:03:15]} Nh5 {[%emt 0:07:15]} 12. Bh6 {[%emt 0:11:58]} Bxh6 {[%emt 0:09:42]} 13. Qxh6 {[%emt 0:00:06]} Nf4 {[%emt 0:03:19]} 14. Nf3 {[%emt 0:07:36]} f6 {[%emt 0:04:51]} 15. Qh4 {[%emt 0:07:05]} Ne6 {[%emt 0:21:02]} 16. Qg3 {[%emt 0:04:06]} Nd4 {[%emt 0:08:32]} 17. Rac1 {[%emt 0:11:09]} Rf7 {[%emt 0:07:32]} 18. Rfe1 {[%emt 0:05:18]} Be6 {[%emt 0:06:59]} 19. b3 {[%emt 0:07:09]} a5 {[%emt 0:02:49]} 20. a4 {[%emt 0:04:28]} Nxc2 {[%emt 0:02:25]} 21. Rxc2 {[%emt 0:00:37]} Qxd3 {[%emt 0:00:10]} 22. Rec1 {[%emt 0:03:59]} Bxb3 {[%emt 0:00:42]} 23. Rb2 {[%emt 0:00:57]} Bxa4 {[%emt 0:03:20]} 24. Nxa4 {[%emt 0:02:01]} Qa3 {[%emt 0:00:10]} 25. Nxe5 {[%emt 0:04:18]} Qxg3 {[%emt 0:02:13]} 26. fxg3 {[%emt 0:00:01]} fxe5 {[%emt 0:00:11]} 27. Rxb6 {[%emt 0:00:28]} Rd7 {[%emt 0:04:46]} 28. Rxc6 {[%emt 0:01:55]} Rd4 {[%emt 0:00:30]} 29. Nxc5 {[%emt 0:00:50]} a4 {[%emt 0:00:16]} 30. Ra1 {[%emt 0:02:04]} a3 {[%emt 0:01:39]} 31. Ra6 {[%emt 0:00:42]} Rxa6 {[%emt 0:01:25]} 32. Nxa6 {[%emt 0:00:01]} Rxe4 {[%emt 0:00:29]} 33. Rxa3 {[%emt 0:00:21]} Kf7 {[%emt 0:00:46]} 34. Nc5 {[%emt 0:00:31]} Rc4 {[%emt 0:00:24]} 35. Nd3 {[%emt 0:00:45]} Kf6 {[%emt 0:00:37]} 36. Kf2 {[%emt 0:00:51]} Rc2+ {[%emt 0:00:52]} 37. Kf3 {[%emt 0:00:36]} e4+ {[%emt 0:00:44]} 38. Kxe4 {[%emt 0:00:07]} Rxg2 {[%emt 0:00:07]} 39. Nf4 {[%emt 0:00:19]} Rb2 {[%emt 0:00:38]} 40. Ra7 {[%emt 0:00:00]} Rb3 {[%emt 0:00:00]} 41. Nd5+ {[%emt 0:05:12]} Kg5 {[%emt 0:02:44]} 42. Ne3 {[%emt 0:01:41]} h5 {[%emt 0:01:17]} 43. Ra5+ {[%emt 0:05:07]} Kh6 {[%emt 0:00:43]} 44. h4 {[%emt 0:05:52]} Rb6 {[%emt 0:02:18]} 45. Rg5 {[%emt 0:01:51]} Rb4+ {[%emt 0:02:20]} 46. Ke5 {[%emt 0:00:34]} Rb5+ {[%emt 0:00:38]} 47. Nd5 {[%emt 0:00:26]} Ra5 {[%emt 0:01:02]} 48. Kf6 {[%emt 0:00:57]} Ra6+ {[%emt 0:00:09]} 49. Kf7 {[%emt 0:00:20]} Ra7+ {[%emt 0:01:26]} 50. Ne7 {[%emt 0:00:34]} Kh7 {[%emt 0:03:55]} 51. Rxg6 {[%emt 0:02:10]} Rb7 {[%emt 0:00:21]} 52. Re6 {[%emt 0:02:32]} Rb3 {[%emt 0:04:53]} 53. Nf5 {[%emt 0:00:46]} Rb7+ {[%emt 0:00:11]} 54. Kf6 {[%emt 0:00:49]} Rb8 {[%emt 0:01:39]} 55. Kg5 {[%emt 0:01:58]} Re8 {[%emt 0:00:28]} 56. Re7+ {[%emt 0:01:10]} 1-0

[Event "22nd ETCC Women 2019"]
[Site "Batumi"]
[Date "2019.10.27"]
[Round "4.29"]
[White "Milliet, Sophie"]
[Black "Hagarova, Zuzana"]
[Result "1-0"]
[WhiteElo "2400"]
[BlackElo "2295"]
[Annotator "NA"]
[PlyCount "85"]
[EventDate "2019.10.24"]
[EventType "team-tourn"]
[EventCountry "GEO"]
[SourceTitle "playchess.com"]
[Source "ChessBase"]
[SourceQuality "1"]
[WhiteTeam "France"]
[BlackTeam "Slovakia"]
[WhiteTeamCountry "FRA"]
[BlackTeamCountry "SVK"]
[TimeControl "40/5400+30:1800+30"]

1. e4 {[%emt 0:00:00]} c5 {[%emt 0:00:00]} 2. Nf3 {[%emt 0:00:00]} Nc6 {[%emt 0:00:00]} 3. Bb5 {[%emt 0:00:00]} g6 {[%emt 0:00:00]} 4. Bxc6 {[%emt 0:00:00]} bxc6 {[%emt 0:00:03]} 5. d4 {[%emt 0:00:11]} cxd4 {[%emt 0:03:46]} 6. Qxd4 {[%emt 0:00:07]} f6 {[%emt 0:01:00]} 7. c4 {[%emt 0:02:54]} Nh6 {[%emt 0:08:32]} 8. O-O {[%emt 0:00:14]} Bg7 {[%emt 0:00:54]} 9. Bxh6 {[%emt 0:02:36]} Bxh6 {[%emt 0:00:15]} 10. Rd1 {[%emt 0:01:22]} O-O {[%emt 0:09:33]} 11. c5 {[%emt 0:00:34]} Qc7 {[%emt 0:14:04]} 12. Na3 {[%emt 0:03:04]} Rb8 {[%emt 0:06:03]} 13. Nc4 {[%emt 0:00:48]} Ba6 {[%emt 0:03:36]} 14. Qc3 {[%emt 0:11:25]} Rbd8 {[%emt 0:10:39]} 15. Nd4 {[%emt 0:15:40]} Bg7 {[%emt 0:05:37]} 16. Re1 {[%emt 0:01:51]} Kh8 {[%emt 0:01:00]} 17. Rad1 {[%emt 0:27:29]} Qf4 {[%emt 0:16:07]} 18. g3 {[%emt 0:02:06]} Qg4 {[%emt 0:00:58]} 19. Ne3 {[%emt 0:06:50]} Qh3 {[%emt 0:01:35]} 20. Qa5 {[%emt 0:00:31]} Bb7 {[%emt 0:08:33]} 21. Qc7 {[%emt 0:01:53]} e5 {[%emt 0:06:47]} 22. Nf3 {[%emt 0:07:58]} Bc8 {[%emt 0:00:06]} 23. Nc4 {[%emt 0:01:04]} Qe6 {[%emt 0:00:15]} 24. b3 {[%emt 0:00:30]} d5 {[%emt 0:01:57]} 25. cxd6 {[%emt 0:00:27]} Rd7 {[%emt 0:00:19]} 26. Qa5 {[%emt 0:01:08]} Qg4 {[%emt 0:00:44]} 27. Kg2 {[%emt 0:01:00]} Rb7 {[%emt 0:00:21]} 28. Ng1 {[%emt 0:01:14]} Be6 {[%emt 0:00:35]} 29. Qc5 {[%emt 0:06:11]} Bd7 {[%emt 0:00:38]} 30. Na5 {[%emt 0:01:09]} Rb6 {[%emt 0:00:05]} 31. h3 {[%emt 0:01:15]} Qe6 {[%emt 0:00:17]} 32. Qc4 {[%emt 0:00:22]} Qe8 {[%emt 0:00:20]} 33. Qe2 {[%emt 0:02:45]} Qc8 {[%emt 0:00:35]} 34. Nc4 {[%emt 0:00:09]} Qa6 {[%emt 0:00:31]} 35. Nxb6 {[%emt 0:00:23]} Qxb6 {[%emt 0:00:05]} 36. Nf3 {[%emt 0:02:01]} Qb7 {[%emt 0:00:11]} 37. Qe3 {[%emt 0:00:44]} f5 {[%emt 0:01:52]} 38. exf5 {[%emt 0:00:12]} c5 {[%emt 0:00:21]} 39. Kg1 {[%emt 0:00:26]} Rxf5 {[%emt 0:00:39]} 40. Nh4 {[%emt 0:00:00]} Rh5 {[%emt 0:00:00]} 41. Qxc5 {[%emt 0:07:10]} Rxh4 {[%emt 0:14:23]} 42. gxh4 {[%emt 0:00:23]} Qf3 {[%emt 0:00:10]} 43. Qd5 {[%emt 0:03:47]} 1-0

[Event "22nd ETCC Women 2019"]
[Site "Batumi"]
[Date "2019.10.27"]
[Round "4.30"]
[White "Movsesian, Julia"]
[Black "Guichard, Pauline"]
[Result "0-1"]
[WhiteElo "2307"]
[BlackElo "2407"]
[Annotator "NA"]
[PlyCount "60"]
[EventDate "2019.10.24"]
[EventType "team-tourn"]
[EventCountry "GEO"]
[SourceTitle "playchess.com"]
[Source "ChessBase"]
[SourceQuality "1"]
[WhiteTeam "Slovakia"]
[BlackTeam "France"]
[WhiteTeamCountry "SVK"]
[BlackTeamCountry "FRA"]
[TimeControl "40/5400+30:1800+30"]

1. e4 {[%emt 0:00:00]} e5 {[%emt 0:00:00]} 2. Nf3 {[%emt 0:00:00]} Nc6 {[%emt 0:00:00]} 3. g3 {[%emt 0:00:00]} Nf6 {[%emt 0:00:16]} 4. d3 {[%emt 0:00:04]} d5 {[%emt 0:01:20]} 5. exd5 {[%emt 0:00:09]} Nxd5 {[%emt 0:00:05]} 6. Bg2 {[%emt 0:00:26]} Bc5 {[%emt 0:04:51]} 7. O-O {[%emt 0:02:16]} O-O {[%emt 0:04:42]} 8. Nbd2 {[%emt 0:09:47]} Bg4 {[%emt 0:10:32]} 9. h3 {[%emt 0:01:27]} Bh5 {[%emt 0:00:31]} 10. Re1 {[%emt 0:03:30]} Re8 {[%emt 0:01:07]} 11. a3 {[%emt 0:01:11]} a5 {[%emt 0:02:56]} 12. Ne4 {[%emt 0:02:12]} Ba7 {[%emt 0:10:26]} 13. Bg5 {[%emt 0:09:39]} f6 {[%emt 0:07:04]} 14. c4 {[%emt 0:23:57]} fxg5 {[%emt 0:07:44]} 15. cxd5 {[%emt 0:01:47]} Qxd5 {[%emt 0:00:15]} 16. g4 {[%emt 0:02:18]} Bg6 {[%emt 0:05:03]} 17. Nfxg5 {[%emt 0:00:18]} Qb5 {[%emt 0:01:07]} 18. Qc2 {[%emt 0:13:24]} Rf8 {[%emt 0:07:32]} 19. Rf1 {[%emt 0:08:18]} Rae8 {[%emt 0:10:29]} 20. Nc3 {[%emt 0:05:11]} Qa6 {[%emt 0:08:00]} 21. Qb3+ {[%emt 0:03:37]} Kh8 {[%emt 0:00:09]} 22. Be4 {[%emt 0:03:39]} Nd4 {[%emt 0:01:52]} 23. Qd5 {[%emt 0:00:36]} Qf6 {[%emt 0:03:16]} 24. Qxb7 {[%emt 0:02:28]} Qxg5 {[%emt 0:06:43]} 25. Qxa7 {[%emt 0:00:10]} Qf4 26. Kg2 {[%emt 0:01:21]} Bxe4+ {[%emt 0:02:28]} 27. Nxe4 {[%emt 0:00:10]} Qf3+ {[%emt 0:00:46]} 28. Kh2 {[%emt 0:00:05]} Qxd3 {[%emt 0:01:15]} 29. Ng3 {[%emt 0:00:45]} Qc2 {[%emt 0:01:40]} 30. Kg2 {[%emt 0:00:53]} Qc6+ {[%emt 0:00:19]} 0-1

[Event "22nd ETCC Women 2019"]
[Site "Batumi"]
[Date "2019.10.27"]
[Round "4.31"]
[White "Skripchenko, Almira"]
[Black "Cibickova, Zuzana"]
[Result "1-0"]
[WhiteElo "2403"]
[BlackElo "2258"]
[Annotator "NA RC"]
[PlyCount "85"]
[EventDate "2019.10.24"]
[EventType "team-tourn"]
[EventCountry "GEO"]
[SourceTitle "playchess.com"]
[Source "ChessBase"]
[SourceQuality "1"]
[WhiteTeam "France"]
[BlackTeam "Slovakia"]
[WhiteTeamCountry "FRA"]
[BlackTeamCountry "SVK"]
[TimeControl "40/5400+30:1800+30"]

1. e4 {[%emt 0:00:00]} e5 {[%emt 0:00:00]} 2. Nf3 {[%emt 0:00:24]} Nc6 {[%emt 0:00:00]} 3. Bc4 {[%emt 0:00:17]} Nf6 {[%emt 0:00:05]} 4. d3 {[%emt 0:00:34]} Be7 {[%emt 0:00:12]} 5. O-O {[%emt 0:00:42]} O-O {[%emt 0:00:03]} 6. Re1 {[%emt 0:00:33]} d6 {[%emt 0:00:09]} 7. a3 {[%emt 0:00:44]} Na5 {[%emt 0:02:20]} 8. Ba2 {[%emt 0:00:14]} c5 {[%emt 0:00:50]} 9. b4 {[%emt 0:00:30]} Nc6 {[%emt 0:00:40]} 10. bxc5 {[%emt 0:00:18]} dxc5 {[%emt 0:00:08]} 11. h3 {[%emt 0:00:13]} Be6 {[%emt 0:08:12]} 12. Bxe6 {[%emt 0:04:49]} fxe6 {[%emt 0:00:02]} 13. Bb2 {[%emt 0:00:36]} Nd7 {[%emt 0:15:03]} 14. a4 {[%emt 0:03:52]} Nd4 {[%emt 0:08:50]} 15. Nbd2 {[%emt 0:02:34]} Rc8 {[%emt 0:02:11]} 16. Nh2 {[%emt 0:15:00]} Qc7 {[%emt 0:12:19]} 17. Ng4 {[%emt 0:10:44]} Bg5 {[%emt 0:04:06]} 18. Nc4 {[%emt 0:02:14]} Rf7 {[%emt 0:05:07]} 19. c3 {[%emt 0:08:47]} Nc6 {[%emt 0:00:06]} 20. Nh2 {[%emt 0:00:23]} Nb6 {[%emt 0:06:26]} 21. Qb3 {[%emt 0:03:27]} Nxc4 {[%emt 0:02:57]} 22. Qxc4 {[%emt 0:01:53]} Qd6 {[%emt 0:01:24]} 23. Nf3 {[%emt 0:12:20]} Na5 {[%emt 0:04:23]} 24. Qa2 {[%emt 0:00:40]} Bf4 {[%emt 0:10:22]} 25. Rad1 {[%emt 0:08:14]} c4 {[%emt 0:08:28]} 26. d4 {[%emt 0:10:02]} exd4 {[%emt 0:03:52]} 27. Rxd4 {[%emt 0:00:54]} Qb6 {[%emt 0:00:38]} 28. e5 {[%emt 0:01:20]} Qc7 {[%emt 0:03:47]} 29. Ba3 {[%emt 0:00:40]} Nb3 {[%emt 0:00:37]} 30. Bd6 {[%emt 0:00:45]} Qc6 {[%emt 0:00:44]} 31. Rdd1 {[%emt 0:00:40]} Bh6 {[%emt 0:00:12]} 32. Nd4 {[%emt 0:02:09]} Nxd4 {[%emt 0:00:01]} 33. Rxd4 {[%emt 0:00:06]} Rf4 {[%emt 0:00:04]} 34. Rxf4 {[%emt 0:00:30]} Bxf4 {[%emt 0:00:01]} 35. Qe2 {[%emt 0:00:17]} Bh6 {[%emt 0:02:13]} 36. Qg4 {[%emt 0:06:01]} Re8 {[%emt 0:00:27]} 37. Re4 {[%emt 0:01:00]} Qxa4 {[%emt 0:00:06]} 38. Rxc4 {[%emt 0:00:17]} Qb3 {[%emt 0:01:11]} 39. Rc7 {[%emt 0:00:26]} g6 {[%emt 0:00:40]} 40. Kh2 {[%emt 0:00:00]} Bg7 {[%emt 0:00:00]} 41. Qf3 {[%emt 0:05:19]} Kh8 {[%emt 0:05:04]} 42. Qf7 {[%emt 0:05:04]} Rg8 {[%emt 0:00:07]} 43. Bf8 {[%emt 0:00:44]} 1-0

[Event "22nd ETCC Women 2019"]
[Site "Batumi"]
[Date "2019.10.27"]
[Round "4.32"]
[White "Motycakova, Monika"]
[Black "Navrotescu, Andreea-Cristiana"]
[Result "0-1"]
[WhiteElo "2126"]
[BlackElo "2241"]
[Annotator "NA"]
[PlyCount "72"]
[EventDate "2019.10.24"]
[EventType "team-tourn"]
[EventCountry "GEO"]
[SourceTitle "playchess.com"]
[Source "ChessBase"]
[SourceQuality "1"]
[WhiteTeam "Slovakia"]
[BlackTeam "France"]
[WhiteTeamCountry "SVK"]
[BlackTeamCountry "FRA"]
[TimeControl "40/5400+30:1800+30"]

1. e4 {[%emt 0:00:00]} e6 {[%emt 0:00:00]} 2. d4 {[%emt 0:00:00]} d5 {[%emt 0:00:00]} 3. Nd2 {[%emt 0:00:00]} Be7 {[%emt 0:00:00]} 4. e5 {[%emt 0:05:04]} Nh6 {[%emt 0:00:00]} 5. Bd3 {[%emt 0:03:31]} c5 {[%emt 0:00:25]} 6. c3 {[%emt 0:01:45]} Nc6 {[%emt 0:00:22]} 7. Ne2 {[%emt 0:02:40]} Nf5 {[%emt 0:01:57]} 8. Nf3 {[%emt 0:02:48]} O-O {[%emt 0:04:00]} 9. O-O {[%emt 0:04:29]} cxd4 {[%emt 0:04:30]} 10. cxd4 {[%emt 0:01:47]} f6 {[%emt 0:02:12]} 11. Bd2 {[%emt 0:26:13]} fxe5 {[%emt 0:03:26]} 12. dxe5 {[%emt 0:02:16]} Qb6 {[%emt 0:02:49]} 13. Bc3 {[%emt 0:06:08]} Kh8 {[%emt 0:12:18]} 14. Qa4 {[%emt 0:02:29]} d4 {[%emt 0:19:59]} 15. Bxf5 {[%emt 0:12:26]} dxc3 {[%emt 0:00:17]} 16. Be4 {[%emt 0:04:34]} Bd7 {[%emt 0:09:34]} 17. Nxc3 {[%emt 0:11:47]} Nxe5 {[%emt 0:04:55]} 18. Qc2 {[%emt 0:00:11]} Nxf3+ {[%emt 0:01:22]} 19. Bxf3 {[%emt 0:00:05]} Rxf3 {[%emt 0:11:58]} 20. gxf3 {[%emt 0:00:27]} Rf8 {[%emt 0:00:05]} 21. Kg2 {[%emt 0:02:54]} Qc5 {[%emt 0:01:10]} 22. Qd3 {[%emt 0:06:59]} Bc6 {[%emt 0:01:01]} 23. Ne4 {[%emt 0:00:18]} Qh5 {[%emt 0:00:14]} 24. Rfe1 {[%emt 0:00:34]} Bd8 {[%emt 0:01:53]} 25. Re3 {[%emt 0:00:31]} Bb6 {[%emt 0:01:41]} 26. Rae1 {[%emt 0:01:08]} Bxe3 {[%emt 0:00:55]} 27. Rxe3 {[%emt 0:00:32]} Qg6+ {[%emt 0:02:32]} 28. Kf1 {[%emt 0:01:32]} a6 {[%emt 0:01:49]} 29. Ke1 {[%emt 0:00:42]} Qg1+ {[%emt 0:01:24]} 30. Qf1 {[%emt 0:00:35]} Qxh2 {[%emt 0:00:19]} 31. Qd3 {[%emt 0:00:27]} Qh4 {[%emt 0:01:30]} 32. Ng3 {[%emt 0:00:29]} Rd8 {[%emt 0:01:02]} 33. Qc3 {[%emt 0:00:07]} Bb5 {[%emt 0:03:03]} 34. Rxe6 {[%emt 0:00:48]} Qh2 {[%emt 0:00:27]} 35. Nf1 {[%emt 0:00:36]} Bxf1 {[%emt 0:02:14]} 36. Qd4 {[%emt 0:00:33]} Rg8 {[%emt 0:01:05]} 0-1